000
00241nam a22001097a 4500
999
_c
260912
_d
260911
020
_a
0590462237
100
_a
John Peterson
245
_a
The Littles to the Rescue
260
_a
New York
_b
Scholastic
_c
1968
300
_a
94 pgs
942
_c
BK